UBT Library

World politics : (Record no. 39389)

000 -LEADER
fixed length control field 00816cam a2200253 a 4500
001 - CONTROL NUMBER
control field 12021023
005 - DATE AND TIME OF LATEST TRANSACTION
control field 20171226065733.0
008 - FIXED-LENGTH DATA ELEMENTS--GENERAL INFORMATION
fixed length control field 000525s2000 ctuab b 001 0 eng d
010 ## - LIBRARY OF CONGRESS CONTROL NUMBER
LC control number 99074551
020 ## - INTERNATIONAL STANDARD BOOK NUMBER
International Standard Book Number 007236792X (alk. paper)
035 ## - SYSTEM CONTROL NUMBER
System control number (OCoLC)ocm43462699
040 ## - CATALOGING SOURCE
Original cataloging agency FVC
Transcribing agency FVC
Modifying agency DLC
041 ## - LANGUAGE CODE
Language code of text/sound track or separate title eng
042 ## - AUTHENTICATION CODE
Authentication code lccopycat
080 ## - UNIVERSAL DECIMAL CLASSIFICATION NUMBER
Universal Decimal Classification number 327 JOH
082 00 - DEWEY DECIMAL CLASSIFICATION NUMBER
Classification number 327 JOH
Edition number 21
100 1# - Rafti
Rafti 18
101 ## - Shkurtesa
Shkurtesa POL
245 10 - TITLE STATEMENT
Title World politics :
Statement of responsibility, etc John T. Rourke, Mark A. Boyer.
504 ## - BIBLIOGRAPHY, ETC. NOTE
Bibliography, etc Includes bibliographical references (p. 453-467) and index.
906 ## - LOCAL DATA ELEMENT F, LDF (RLIN)
a 7
b cbc
c copycat
d 3
e ncip
f 19
g y-gencatlg
942 ## - ADDED ENTRY ELEMENTS (KOHA)
Source of classification or shelving scheme
Item type Books
Holdings
Withdrawn status Lost status Source of classification or shelving scheme Damaged status Not for loan Collection code Permanent location Current location Shelving location Date acquired Total Checkouts Full call number Barcode Date last seen Price effective from Koha item type
          Koleksioni i përgjithshem UBT - Lipjan UBT - Lipjan Koleksioni i përgjithshem 12/26/2017   327 JOH 002-2939848 12/26/2017 12/26/2017 Books
          Koleksioni i përgjithshem UBT - Lipjan UBT - Lipjan Koleksioni i përgjithshem 12/26/2017   327 JOH 002-2939843 12/26/2017 12/26/2017 Books
          Koleksioni i përgjithshem UBT - Lipjan UBT - Lipjan Koleksioni i përgjithshem 12/26/2017   327 JOH 002-29838 12/26/2017 12/26/2017 Books
          Koleksioni i përgjithshem UBT - Lipjan UBT - Lipjan Koleksioni i përgjithshem 12/26/2017   327 JOH 002-29833 12/26/2017 12/26/2017 Books
          Koleksioni i përgjithshem UBT - Lipjan UBT - Lipjan Koleksioni i përgjithshem 12/26/2017   327 JOH 002-29828 12/26/2017 12/26/2017 Books
          Koleksioni i përgjithshem UBT - Lipjan UBT - Lipjan Koleksioni i përgjithshem 12/26/2017   327 JOH 002-29823 12/26/2017 12/26/2017 Books
          Koleksioni i përgjithshem UBT - Lipjan UBT - Lipjan Koleksioni i përgjithshem 12/26/2017   327 JOH 002-2939847 12/26/2017 12/26/2017 Books
          Koleksioni i përgjithshem UBT - Lipjan UBT - Lipjan Koleksioni i përgjithshem 12/26/2017   327 JOH 002-29822 12/26/2017 12/26/2017 Books
          Koleksioni i përgjithshem UBT - Lipjan UBT - Lipjan Koleksioni i përgjithshem 12/26/2017   327 JOH 002-29827 12/26/2017 12/26/2017 Books
          Koleksioni i përgjithshem UBT - Lipjan UBT - Lipjan Koleksioni i përgjithshem 12/26/2017   327 JOH 002-2939851 12/26/2017 12/26/2017 Books
          Koleksioni i përgjithshem UBT - Lipjan UBT - Lipjan Koleksioni i përgjithshem 12/26/2017   327 JOH 002-29832 12/26/2017 12/26/2017 Books
          Koleksioni i përgjithshem UBT - Lipjan UBT - Lipjan Koleksioni i përgjithshem 12/26/2017   327 JOH 002-2939842 12/26/2017 12/26/2017 Books
          Koleksioni i përgjithshem UBT - Lipjan UBT - Lipjan Koleksioni i përgjithshem 12/26/2017   327 JOH 002-2939667 12/26/2017 12/26/2017 Books
          Koleksioni i përgjithshem UBT - Lipjan UBT - Lipjan Koleksioni i përgjithshem 12/26/2017   327 JOH 002-2939672 12/26/2017 12/26/2017 Books
          Koleksioni i përgjithshem UBT - Lipjan UBT - Lipjan Koleksioni i përgjithshem 12/26/2017   327 JOH 002-2939673 12/26/2017 12/26/2017 Books
UBT Library © 2015-2024. All rights reserved University Education for Business and Technology